<?xml version="1.0" encoding="UTF-8"?>
<marc:record xmlns:marc="http://www.loc.gov/MARC21/slim">
   <marc:leader>00000nam a2200000 a 4500</marc:leader>
   <marc:datafield ind1="1" ind2=" " tag="100">
      <marc:subfield code="a">Deplazes, Chinenye</marc:subfield>
      <marc:subfield code="4">aut</marc:subfield>
      <marc:subfield code="e">Verfasser/-in</marc:subfield>
   </marc:datafield>
   <marc:datafield ind1="1" ind2=" " tag="100">
      <marc:subfield code="a">Deplazes, Daniel</marc:subfield>
      <marc:subfield code="4">aut</marc:subfield>
      <marc:subfield code="e">Verfasser/-in</marc:subfield>
   </marc:datafield>
   <marc:datafield ind1=" " ind2=" " tag="653">
      <marc:subfield code="a">Junge</marc:subfield>
   </marc:datafield>
   <marc:datafield ind1=" " ind2=" " tag="653">
      <marc:subfield code="a">Vorurteil</marc:subfield>
   </marc:datafield>
   <marc:datafield ind1=" " ind2=" " tag="653">
      <marc:subfield code="a">Kulturkonflikt</marc:subfield>
   </marc:datafield>
   <marc:datafield ind1=" " ind2=" " tag="653">
      <marc:subfield code="a">Mädchen</marc:subfield>
   </marc:datafield>
   <marc:datafield ind1=" " ind2=" " tag="653">
      <marc:subfield code="a">Nigerianischer Einwanderer</marc:subfield>
   </marc:datafield>
   <marc:datafield ind1=" " ind2=" " tag="653">
      <marc:subfield code="a">Afrika</marc:subfield>
   </marc:datafield>
   <marc:datafield ind1=" " ind2=" " tag="653">
      <marc:subfield code="a">Asylanten</marc:subfield>
   </marc:datafield>
   <marc:datafield ind1=" " ind2=" " tag="653">
      <marc:subfield code="a">Kinderbuch</marc:subfield>
   </marc:datafield>
   <marc:datafield ind1=" " ind2=" " tag="653">
      <marc:subfield code="a">Kulturen</marc:subfield>
   </marc:datafield>
   <marc:datafield ind1=" " ind2=" " tag="653">
      <marc:subfield code="a">Nigeria</marc:subfield>
   </marc:datafield>
   <marc:datafield ind1=" " ind2=" " tag="653">
      <marc:subfield code="a">Softcover / Kinder- und Jugendbücher/Erzählerische Bilderbücher</marc:subfield>
   </marc:datafield>
   <marc:datafield ind1=" " ind2=" " tag="653">
      <marc:subfield code="a">Kinderbücher bis 11 Jahre</marc:subfield>
   </marc:datafield>
   <marc:datafield ind1="0" ind2="0" tag="245">
      <marc:subfield code="a">Komm ich zeige dir Afrika</marc:subfield>
   </marc:datafield>
   <marc:datafield ind1="0" ind2="0" tag="245">
      <marc:subfield code="c">Chinenye &amp; Daniel Deplazes</marc:subfield>
   </marc:datafield>
   <marc:datafield ind1=" " ind2="1" tag="264">
      <marc:subfield code="a">Chur</marc:subfield>
      <marc:subfield code="b">Edition Somedia</marc:subfield>
   </marc:datafield>
   <marc:datafield ind1="1" ind2=" " tag="520">
      <marc:subfield code="a">Angaben aus der Verlagsmeldung

Komm ich zeige Dir Afrika / von Chinenye &amp; Daniel Deplazes

Damian ist 11 Jahre alt und geht in Chur in die 6.

Klasse. Nach den Sommerferien kommt eine neue

Mitschülerin mit dem Namen Chidinma in seine

Klasse. Sie trägt bunte Tücher und ihre Haare sind

voller kleiner Zöpfe. Chidinma stammt aus Nigeria.

Damian wird mit ihr für das grosse Schulprojekt

über Ameisen eingeteilt. Trotz mancher Zweifel

von seinem besten Freund Nino sowie dem

Rest der Klasse und sogar von seiner eigenen

Mutter, lässt er sich auf das Projekt ein. Immer

mehr wird er in den Bann von Chidinma gezogen

und beginnt die Dinge mit anderen Augen zu sehen.

Seine kleine Gedankenwelt wird durch das

Zusammentreffen der zwei Kulturen komplett auf

den Kopf gestellt.

Die Autoren:

Chinenye &amp; Daniel Deplazes sind beide 1985 geboren.

Chinenye ist in Ilanz aufgewachsen und Daniel

in Chur. Die zwei Autoren sind seit 2013 miteinander

verheiratet und sind beide Lehrpersonen

für die Primarstufe. Das Buch 'Komm, ich zeige dir

Afrika' ist ihr erste Veröffentlichung.
</marc:subfield>
   </marc:datafield>
   <marc:datafield ind1=" " ind2=" " tag="020">
      <marc:subfield code="a">9783906064437</marc:subfield>
      <marc:subfield code="9">9783906064437</marc:subfield>
   </marc:datafield>
   <marc:datafield ind1=" " ind2=" " tag="020">
      <marc:subfield code="a">3906064433</marc:subfield>
      <marc:subfield code="9">3906064433</marc:subfield>
   </marc:datafield>
   <marc:datafield ind1=" " ind2=" " tag="041">
      <marc:subfield code="a">ger</marc:subfield>
   </marc:datafield>
   <marc:datafield ind1=" " ind2=" " tag="300">
      <marc:subfield code="a">99 Seiten</marc:subfield>
   </marc:datafield>
</marc:record>
